000 00722nam a2200241 i 4500
001 60077
003 ES-MaACL
005 20250827062608.0
007 t|
008 031103s1986 sp ||||1| spa d
020 _a84-7398-442-0
110 1 _aEspaña
_93622
240 1 0 _aLeyes, etc. de comercio
245 1 0 _aCódigo de legislación hipotecaria y del registro mercantil /
_cJosé Manuel García García [recopilador].
250 _a1ª ed.
260 _aMadrid :
_bCivitas,
_c1986.
300 _a987 p. ;
_c25 cm.
500 _aIndices.
700 1 _aGarcía García, José Manuel (
_d1942-)
_954664
740 0 _aLeyes, etc. de comercio.
852 _aES-MaACL
_jB-4746
_bR.114158
999 _c60077
_d60077